Y học và đời sống Nhi khoa sau Đại học; T2

محفوظ في:
التفاصيل البيبلوغرافية
التنسيق: كتاب
اللغة:Undetermined
منشور في: Đà Nẵng Nxb.ĐN 1997
الموضوعات:
الوسوم: إضافة وسم
لا توجد وسوم, كن أول من يضع وسما على هذه التسجيلة!
Thư viện lưu trữ: Trung tâm Học liệu Trường Đại học Cần Thơ
LEADER 00426nam a2200157Ia 4500
001 CTU_21985
008 210402s9999 xx 000 0 und d
082 |a 618.9 
082 |b B450/T2 
245 0 |a Y học và đời sống 
245 0 |b Nhi khoa sau Đại học; T2 
260 |a Đà Nẵng 
260 |b Nxb.ĐN 
260 |c 1997 
650 |a pediatrics 
980 |a Trung tâm Học liệu Trường Đại học Cần Thơ